• 首页
  • 本馆介绍
  • 公告通知
  • 最新文献
  • 馆藏检索
  • 电子资源
  • 读者导购
  • 参考咨询
  • 我的图书馆
  • 登录
  • 详细信息显示
  • 放入我的书架
  • 预约/预借图书
  • 作者相关作品
  • 分类相关作品
  • 丛书相关作品
  • 出版社相关作品

书目信息

  • 表格格式
  • 工作单格式
  • 卡片格式
题名:
推动建设持久和平共同繁荣的和谐世界
    
 
作者: ;中宣部 编
分册:  
出版信息: 北京   学习出版社  2007
页数: 192页
开本: 24cm
丛书名: 党的十六大以来重大战略思想学习丛书
单 册:
中图分类: D5-53
科图分类:
主题词: 国际政治--文集 , 国际关系--文集 , 国际政治 , 国际关系
电子资源:
ISBN: 978-7-80116-630-2
000 00981oam2 2200277 450
001 1250585728
005 20121005140407.75
010    @a978-7-80116-630-2@dCNY27.00
100    @a20070327d2007 em y0chiy50 ea
101 0  @achi
102    @aCN@b110000
105    @ay z 000yy
200 1  @a推动建设持久和平共同繁荣的和谐世界@Atui dong jian she chi jiu he ping gong tong fan rong de he xie shi jie@f中共中央宣传部舆情信息局编
210    @a北京@c学习出版社@d2007
215    @a192页@d24cm
225 2  @a党的十六大以来重大战略思想学习丛书
330    @a本书收录了《尊重不同文明 共建和谐世界》、《加强互利合作 共建和谐世界》、《充分认识建设和谐世界的理论意义和现实意义》等文章。
461  0 @12001 @a党的十六大以来重大战略思想学习丛书
606 0  @a国际政治@j文集
606 0  @a国际关系@j文集
606 0  @a国际政治
606 0  @a国际关系
690    @aD5-53@v4
711 02 @a中宣部@Azhong xuan bu@b舆情信息局@4编
801  0 @aCN@bNLC@c20101222
905    @a10447@dD5-53@eJY29
    
    推动建设持久和平共同繁荣的和谐世界/中共中央宣传部舆情信息局编.-北京:学习出版社,2007
    192页;24cm.-(党的十六大以来重大战略思想学习丛书)
    
    
    ISBN 978-7-80116-630-2:CNY27.00
    本书收录了《尊重不同文明 共建和谐世界》、《加强互利合作 共建和谐世界》、《充分认识建设和谐世界的理论意义和现实意义》等文章。
●
相关链接 在E读中查询图书 在五车中查询图书 在当当中查询图书 在豆瓣中查询图书


正题名:推动建设持久和平共同繁荣的和谐世界     索取号:D5-53/JY29         预约/预借

序号 登录号 条形码 馆藏地/架位号 状态 备注
1 7811811   278118118   学院路分馆/ [索取号:D5-53/JY29] 在馆    
2 7811812   278118127   学院路分馆/ [索取号:D5-53/JY29] 在馆    
唐山师范学院图书馆 欢迎您!
大连网信软件有限公司© 版权所有